[Event "FRA-ch"]
[Site "Chartres"]
[Date "2005.08.19"]
[Round "5"]
[White "Sokolov, Andrei"]
[Black "Apicella, Manuel"]
[Result "1/2-1/2"]
[WhiteElo "2603"]
[BlackElo "2553"]
[Annotator "Psakhis,L"]
[PlyCount "84"]
[EventDate "2005.08.15"]
[EventType "tourn"]
[EventRounds "11"]
[EventCountry "FRA"]
[EventCategory "13"]
[SourceTitle "CBM 109"]
[Source "ChessBase"]
[SourceDate "2005.11.14"]
[SourceVersion "1"]
[SourceVersionDate "2005.11.14"]
[SourceQuality "1"]

1. e4 e6 2. d4 d5 3. Nc3 Bb4 4. e5 Ne7 5. a3 Bxc3+ 6. bxc3 c5 7. Qg4 O-O 8. Bd3
Nbc6 9. Qh5 Ng6 10. Nf3 Qc7 11. Be3 c4 {Psakhis: 'The most popular answer, but
in recent tournaments'} (11... Nce7 $5 {also happend few times}) 12. Bxg6 fxg6
13. Qg4 Qf7 {It is a good question whether Black needs to make this move or
not.} ({Worth considering is} 13... Bd7 $5 {for example. Psakhis,Macieja,
Barsky: 'is safer than the move in the game.'} 14. h4 Rf5 15. Ng5 Raf8 16. Qe2
h6 17. Nh3 Qd8 18. g3 b5 19. Qd2 Qe7 20. Ke2 a5 21. Rh2 Rb8 22. g4 Rff8 23. Nf4
Be8 24. h5 g5 25. Nh3 b4 $36 {0-1 David,A-Enders,P/BL9900 2000 (34)}) 14. h4 (
14. Ng5 $5 Qe8 (14... Qf5 15. Qe2 Rd8 (15... Nxe5 $2 16. dxe5 Qxe5 17. Qd2 Bd7
18. O-O h6 19. f4 Qd6 20. Nf3 Rf5 21. Rae1 Raf8 22. Nh4 R5f6 23. Bd4 Rxf4 24.
Rxf4 Qxf4 25. Qxf4 Rxf4 26. Nxg6 $18 {1-0 Kasparov,G-Short,N/Munich Intel
Express 1994 (35)}) 16. g4 Qf8 17. f4 h6 18. Nf3 Bd7 19. a4 Rdb8 20. O-O b5 21.
axb5 Rxb5 22. Bc1 $14 {1/2-1/2 Arakhamia,K-Peng/Tilgurg ct w(7) 1994 (37)}) 15.
h4 h6 (15... Ne7 16. Qe2 Nf5 17. g4 $146 ({After} 17. Bd2 h6 18. g4 Ne7 19. Nh3
Bd7 20. Rg1 Qf7 21. Rg3 Kh8 22. Nf4 Qg8 23. Be3 Qh7 24. Qd2 Rf7 25. Ke2 Raf8
26. Rh1 Rxf4 $1 27. Bxf4 Ba4 {Dominguez,L-Harikrishna,P/Istanbul olm 2000/ 1/
2-1/2 (67) Black managed to build a strong defensive position. Nijboer doesn't
care about his bishop and, maybe, he is right.}) 17... Nxe3 18. Qxe3 h6 19. Nh3
Qe7 20. Qg3 Bd7 21. f4 {White slowly but surely improves his position and
Black can't organize any counterplay.} Be8 22. Kd2 b5 23. f5 $1 {A nice
breakthrough!} gxf5 (23... exf5 24. g5 $1) 24. g5 $1 {1-0 Nijboer,F (2578)
-Harikrishna,P (2514)/Wijk aan Zee-B 2001/CBM 81/[Psakhis] (33)}) 16. Nh3 Ne7 (
16... Bd7 $5 17. Qe2 b5 18. g4 a5 19. h5 (19. Nf4 $6 $146 {[%cal Gh4h5] This
is a novelty in this position, although the idea is not new at all. To be
honest I don't like this move: A more interesting game raised after} Ne7 20. h5
(20. Kd2 $5) 20... g5 21. Nh3 b4 $1 {and Black has a more obvious way of
developing the initiative on the queenside.} 22. f4 (22. axb4 axb4 23. Rxa8
Qxa8 24. cxb4 Nc6 $44 (24... Qa1+ 25. Qd1 Qa3 26. O-O Qxb4 27. Qa1 Qa4 28. Qc3
Ra8 29. Rb1 Nc6 30. Kg2 Qa3 31. Qxa3 Rxa3 32. Rb7 Be8 33. Bc1 Rc3 34. Rb2 Kf8
35. Bd2 Ra3 36. Rb6 c3 37. Be3 Ra2 38. Rb7 Rxc2 39. Bxg5 hxg5 40. Nxg5 Nxd4 41.
h6 gxh6 42. Nh7+ {1/2-1/2 Balogh,C (2356)-Almasi,I (2420)/Budapest-4 GM 2000/
The Week in Chess 283})) 22... gxf4 23. Bxf4 bxc3 (23... b3 $5 {[%csl Gb3]})
24. Qe3 Ba4 25. Qxc3 Rb8 {0-1 Lahno,K-Smeets,J/Wijk aan Zee-C 2004/CBM 99/
[Psakhis] (36)} 26. Kd2 (26. Rg1 $5 {[%cal Gg4g5]}) 26... Qb5 {[%cal Gb5b2]}
27. Ra2 (27. Rab1 Qxb1 28. Rxb1 Rxb1 29. Qxa5 c3+ $1 $36) 27... Qb6 {[%csl Rd4]
0-1 Lahno,K (2493)-Smeets,J (2505)/Wijk aan Zee-C 2004/CBM 99/[Psakhis] (36)})
19... gxh5 20. g5 $1 (20. Rg1 Ne7 21. gxh5 Kh7 22. Qg4 Nf5 23. Kd2 Qe7 24. Qg6+
Kh8 25. Nf4 Nh4 26. Qg4 Rxf4 $1 27. Bxf4 Rf8 28. Rh1 Nf5 $44 {Leko,P-Almasi,Z/
Budapest 2003/CBM 95/[Psakhis]/1/2-1/2 (52)}) 20... hxg5 21. Nxg5 g6 22. O-O-O
(22. Qf1 $5 Rf5 23. Qg2 Ne7 24. Ke2 Kh8 25. Nf3 Qf7 26. Nh4 Rf8 27. Raf1 Kh7
28. Bg5 Nc6 29. f4 $36 {1-0 Karjakin,S-Papa,S/Biel MTO 2003 (45)}) (22. Kd2 b4
23. Rag1 bxc3+ 24. Kd1 Rf5 25. Rxh5 gxh5 26. Ne4+ Kh8 $132 {0-1 Van den Doel,
E-Psakhis,L/Bled Olympiad 2002/CBM 92 (33)}) 22... Qe7 23. Rdg1 Qxa3+ 24. Kd2
Rf5 $1 (24... b4 $2 25. Ne4 $1 dxe4 26. Qxh5 Rxf2+ 27. Bxf2 Qxc3+ 28. Kd1 Qf3+
29. Qxf3 exf3 30. Rxg6+ Kf7 31. Rf6+ Ke7 32. Rh7+ {1-0 Bacrot,E-Vaisser,A/
FRA-ch Aix les Bains 2003/CBM 97/[Psakhis] (32)}) 25. Nf3 b4 $132) (16... Qf7
17. Nf4 (17. h5 Ne7 18. Kd2 gxh5 19. Qe2 Nf5 20. Nf4 h4 21. Qg4 {1/2-1/2
Goloshchapov,A-Harikrishna,P/Calcutta Goodricke op 2000/ (21)}) 17... Ne7 18.
Qe2 (18. Rh3 $5 Qf5 19. Qe2 Bd7 20. g4 Qf7 21. Kd2 a5 22. h5 b5 23. g5 b4 24.
gxh6 Qf5 25. hxg7 Rfb8 26. hxg6 Ba4 27. Rh8+ Kxg7 28. Rh7+ $18 {1-0
Solozhenkin,E-Apicella,M/St.Petersburg-Paris 1996 (31)}) (18. Rb1 b6 19. Rh3
Bd7 20. Qe2 Kh7 21. g4 Qe8 22. h5 g5 23. Ng2 Rf7 24. f4 gxf4 25. Nxf4 Qf8 26.
Qh2 Ng8 27. Ra1 Ne7 28. Kd2 b5 29. Rg1 $16 {1-0 Milu,R-Popescu,C/ROM t-ch 1994
(33)}) 18... Bd7 19. g4 Ba4 20. Rh3 a5 21. Kf1 (21. h5 g5 22. Ng2 {[%cal Gf2f4]
} b5 23. f4 gxf4 24. Nxf4 b4 25. Kd2 $2 {A strange move!} (25. axb4 axb4 26.
cxb4 Nc6 27. c3 $13 {was more natural and stronger}) 25... bxc3+ 26. Kxc3 {
[%csl Rc3]} Rab8 27. Rf3 Nc6 $40 {[%cal Rf7b7,Rb7b2] 0-1 Szabo,G (2399)
-Apicella,M (2509)/Bucharest Ciocaltea mem 2000/CBM 77/[Psakhis,L] (33)
prepares the queen lift to b7}) 21... Ra6 22. Rb1 Bc6 23. Kg1 b5 24. h5 Be8 25.
Rf1 Rb6 26. hxg6 Nxg6 27. Nh5 Ne7 28. Qd2 Qg6 29. f3 $36 {1-0 Tischbierek,R 
(2522)-Naumkin,I (2406)/Porto San Giorgo op 2003}) (16... b5 17. h5 (17. Nf4
Ne7 18. Kd2 a5 19. Qh3 Bd7 20. Rab1 Qf7 21. f3 Rab8 22. Ne2 Nc6 $13 {1/2-1/2
Anand,V-Jussupow,A/Corsica Masters 2002/CBM 92 (53)} (22... Nc6 23. Rb2 b4 $132
{Anand - Jussupow, Corsica (rapid) 2002})) 17... gxh5 (17... Kh8 18. Qe2 Bd7
19. Nf4 Rxf4 20. Bxf4 Qf7 21. Be3 Be8 {1/2-1/2 Maze,S (2470)-Dgebuadze,A (2530)
/FRA t-ch 0405 2005}) 18. Qe2 Bd7 19. Nf4 Rxf4 $1 20. Bxf4 Qf7 21. Be3 Be8 22.
g4 hxg4 23. Qxg4 Qg6 24. Qh3 Ne7 25. Kd2 Qf5 $44 {1/2-1/2 Michiels,B-L'Ami,E/
Groningen Harmonie 2003 (60)}) 17. Qe2 (17. h5 g5 $1 $146 (17... gxh5) 18. f4
Nf5 19. Kd2 Qa4 20. Rhe1 $1 gxf4 21. Nxf4 Bd7 22. Ng6 {1/2-1/2 Bezgodov,A 
(2546)-Alavkin,A (2471)/Saint Petersburg 2004/[Bezgodov,A] (36)}) 17... b5 ({
An improvment compared to} 17... Bd7 18. g4 b5 19. h5 a5 20. g5 $1 Rf5 21. gxh6
Rxh5 22. Kd2 gxh6 23. Rag1 $36 {Lutz,C-Jussupow,A /Essen-A  2002 /CBM 90/
[Psakhis] (41) with a strong attack.}) 18. g4 a5 19. h5 g5 (19... gxh5 20. g5
$5 {A typical move.} (20. gxh5 $13 {is also worth considering.}) 20... hxg5 $8
21. Nxg5 g6 22. Nh3 $1 ({Weaker is} 22. Kd2 $6 Rf5 23. Rag1 b4 24. Rxh5 $5 {
Looks great for White, but his opponent has a good defence.} (24. axb4 axb4 25.
cxb4 c3+ 26. Kxc3 Ra2 $40) 24... bxc3+ 25. Kd1 gxh5 $8 {The only move.} 26.
Ne4+ $1 (26. Nxe6+ Kf7 27. Nc7 Qc6 28. Nxa8 Qxa8 29. Bg5 Qc6 $19 {loses
without any fight.}) 26... Kh7 $8 (26... Kh8 27. Nd6 Qf8 28. Bg5 $18 {[%cal
Re2h5]}) 27. Nd6 Qf8 28. Nxf5 ({In case of} 28. Rh1 Rb8 $1 {[%csl Rd1]} 29.
Nxf5 Rb1+ 30. Bc1 Rxc1+ $1 31. Kxc1 Nxf5 32. Rxh5+ Nh6 $17 {Black is very
close to victory.}) 28... Qxf5 29. Rg5 Qf7 $8 30. Rxh5+ Kg8 {1/2-1/2
Stellwagen,D-Dgebuadze,A/Groningen Harmonie 2002/CBM 93/[Psakhis] (35) Black
has managed to keep his material advantage, but White's attack is still strong
and helps him to mantain the balance.}) 22... Nf5 23. Bg5 {[%cal Gh3f4,Gg5f6,
Gh1g1] with great compensation for the pawn}) 20. f4 gxf4 21. Nxf4 Bd7 22. Qg2
$146 (22. Kd2 b4 23. axb4 axb4 24. cxb4 c3+ 25. Kxc3 Bb5 26. Qd2 Rxa1 27. Rxa1
Nc8 28. Kb2 Nb6 29. Kb1 Nc4 30. Qe1 Nxe3 31. Qxe3 Qe7 32. Ra3 Qxb4+ 33. Rb3 Qa5
34. Kc1 Bc4 35. Rb7 Qa1+ 36. Rb1 Qa6 $132 {Luther,T-Rychagov,A/GRE t-ch 2001
0-1 (57)}) (22. Rg1 {[%csl Rg8][%cal Rg4g5]}) 22... b4 23. Ke2 $6 (23. g5 $5
Kh7 $5 24. gxh6 gxh6 25. Ng6 Rg8 $132) 23... bxc3 {0-1 Adamson,R (2373)
-Abrahamyan,T (2238)/USA-ch San Diego 2004/CBM 105/[Psakhis] (45)}) 14... h6 (
14... Qf5 15. Qxf5 Rxf5 (15... gxf5 16. h5 h6 17. Nh4 Ne7 18. g3 Bd7 19. Kd2
Rac8 20. Rab1 Rb8 21. Ng2 Rfc8 22. Nf4 Rc6 23. f3 Ra6 24. Ra1 b5 25. g4 Ra4 26.
Rhg1 fxg4 27. fxg4 a5 28. Bf2 Kh7 29. Bh4 Nc6 {1-0 Gouliev,N (2514)-Apicella,M
(2543)/FRA t-ch Top 16 GpA Noyon 2005/ (60)}) 16. Ke2 h6 17. g4 Rf7 18. Rag1 (
18. Nd2 Bd7 19. f4 Ne7 20. a4 Raf8 21. Nf3 a5 22. Rhb1 Rb8 23. Bc1 Nc8 24. Ra2
Bc6 {0-1 Rajlich,V (2364)-Hoang Thanh Trang (2465)/Budapest-2 GM 2001/ (50)})
18... Bd7 19. Ne1 Raf8 20. f4 Be8 21. Rg3 b5 (21... Rc7 22. Ng2 Ne7 23. Bc1 Rc6
24. Rf1 Rb6 25. Ne3 Rb1 26. Kd2 a5 27. Rgf3 Bd7 {1/2-1/2 Rajlich,V (2337)
-Hoang Thanh Trang (2465)/Budapest Elekes-A 2001/ (56)}) 22. Ng2 Rb7 23. Rf1
Kh7 24. Ne1 a5 25. Kd2 Kh8 26. Nf3 b4 27. axb4 axb4 28. cxb4 Nxb4 {0-1 Rajlich,
V (2337)-Berkes,F (2393)/Budapest-6 GM 2001/T 343 (42)}) 15. Ng1 $146 {[%cal
Gf2f4,Gg1e2,Ge2g3]} (15. Kd2 Ne7 16. Ng1 Bd7 17. Nh3 a5 18. Nf4 b5 19. Rab1
Rab8 20. Rb2 Rb6 21. Rhb1 Rfb8 22. Ke1 Kh7 23. h5 g5 24. Ne2 Nf5 25. Ng3 Nxg3
26. fxg3 Qf8 27. Ra2 b4 28. axb4 axb4 29. Ra7 bxc3 {0-1 Delorme,A (2071)
-Apicella,M (2501)/FRA t-ch 2003/ChessBase (36)}) ({RR} 15. h5 g5 16. Ng1 b5
17. Ne2 a5 18. f4 gxf4 19. Nxf4 Ne7 20. O-O Nf5 21. Qh3 Qe8 22. Ng6 Rf7 23. g4
Nxe3 24. Rxf7 Qxf7 25. Qxe3 b4 26. Rf1 Qe8 27. cxb4 axb4 28. axb4 Bd7 {1-0
Gouliev,N (2526)-Dgebuadze,A (2534)/Livry Gargan op rapid 2005/(44)}) 15... Bd7
16. h5 (16. Ne2 Ne7 $13 {[%cal Gd7a4]} (16... Qf5 17. Qxf5 gxf5 18. h5 $15))
16... g5 17. Nh3 {[%cal Gf2f4]} Qf5 18. Qe2 (18. Qxf5 exf5 19. f4 g4 20. Nf2
Kf7 $11) 18... b5 {[%cal Ga7a5,Gb5b4]} 19. f3 (19. f4 g4 $1 20. Nf2 g3 21. Nd1
Be8 {[%csl Rh5]}) 19... a5 {Black has solved all his opening problems and has
rather easy play here.} 20. O-O b4 {Taking the opportunity to gain some space
and to get counterplay on the queenside, otherwise White's attack will become
very dangerous soon.} 21. g4 (21. axb4 axb4 22. Rxa8 Rxa8 23. g4 Qh7 $36) 21...
Qh7 22. Rf2 (22. f4 gxf4 23. Rxf4 Rxf4 24. Nxf4 Qe4 $5) 22... b3 {[%csl Gb3]} (
22... bxc3 23. f4 Qe4 24. Rd1 $132) 23. cxb3 (23. f4 gxf4 24. Nxf4 Qe4 $36)
23... cxb3 {[%cal Ga5a4,Gc6a5] The position looks promising for White but
Sokolov defends very skillfully.} 24. a4 $1 Ne7 (24... Rac8 25. Bc1 $5 {
[%cal Gc1a3]}) 25. Bc1 g6 $5 26. f4 {Sokolov is looking for a way to make the
position more complicated.} (26. hxg6 Nxg6 $36 {[%cal Gg6h4] is in Black's
favour.}) 26... gxh5 27. Ba3 {An interesting-looking tactical idea, but as it
turns out Apicella has enough resources to extinguish White's initiative.} (27.
fxg5 hxg4 28. Qxg4 h5 $1 $15) (27. gxh5 Qf5 {[%cal Gg5g4]}) 27... hxg4 (27...
Rfc8 28. fxg5 Rxc3 29. Nf4 Rc2 30. Qe1 $13) 28. Qxg4 Kh8 (28... Rae8 $5) 29.
Nxg5 (29. Rh2 gxf4 30. Ng5 b2 $1 31. Rf1 b1=Q 32. Nxh7 Qxh7 33. Bxe7 Rf7 $19 {
[%cal Of7e7,Ra8g8]}) 29... Rg8 $1 30. Rh2 Nf5 31. Kf2 $1 {[%cal Ga1h1]} Rab8
32. Rah1 b2 {It may seem that Black has obtained excellent prospects. However,
Sokolov had foreseen one move further!} (32... Rg6 $142 $5 33. Bf8 $5 Rxf8 34.
Nxh7 Rxg4 35. Nxf8 Bxa4 36. Nxe6 Bb5 $15 {[%csl Ga5,Gb3]}) 33. Nf7+ $1 Qxf7 34.
Rxh6+ Nxh6 35. Rxh6+ Qh7 36. Rxh7+ Kxh7 37. Qh5+ Kg7 38. Qg5+ Kh7 39. Qh5+ Kg7
40. f5 $5 exf5 $8 41. Qg5+ (41. e6 b1=Q 42. Qg5+ $11) 41... Kh7 42. Qh5+ Kg7
1/2-1/2

[Event "EU-chT (Men) 15th"]
[Site "Gothenburg"]
[Date "2005.07.30"]
[Round "1.2"]
[White "Cheparinov, Ivan"]
[Black "Pilaj, Herwig"]
[Result "1-0"]
[WhiteElo "2634"]
[BlackElo "2425"]
[Annotator "Psakhis,L"]
[PlyCount "65"]
[EventDate "2005.07.30"]
[EventType "team-swiss"]
[EventRounds "9"]
[EventCountry "SWE"]
[SourceTitle "CBM 109"]
[Source "ChessBase"]
[SourceDate "2005.11.14"]
[SourceVersion "1"]
[SourceVersionDate "2005.11.14"]
[SourceQuality "1"]
[WhiteTeam "Bulgaria"]
[BlackTeam "Austria"]
[WhiteTeamCountry "BUL"]
[BlackTeamCountry "AUT"]

1. e4 e6 2. d4 d5 3. Nc3 Bb4 4. e5 c5 5. a3 Bxc3+ 6. bxc3 Qa5 (6... Ne7) (6...
Qc7) 7. Bd2 Qa4 8. Qg4 Kf8 (8... g6 {is a much more popular alternative.}) 9.
Qd1 (9. Bd3 $2 c4 10. Be2 Qxc2 $19) (9. c4 $146 Nc6 10. dxc5 Qxc2 (10... Nxe5
$5 11. Qd4 Nxc4 12. Nf3 $44) 11. Nf3 Nxe5 12. Qg3 (12. Nxe5 Qb2 13. Rd1 Qxe5+
14. Be2 Nf6 $13) 12... Nxf3+ 13. gxf3 f6 14. Qc7 $16 {->} Qb2 (14... Qg6 $2 15.
c6 Qf7 16. Qd8+ Qe8 17. Bb4+ Kf7 18. cxb7 Bxb7 19. Qc7+ $18) 15. Qd8+ Kf7 16.
Rd1 {1-0 Vogt,L (2510)-Krivoshey,S (2475)/Leutersdorf /ChessBase/[Vogt,L] (21)}
) (9. Ra2 $2 Nc6 (9... Nd7 10. Nf3 b6 11. h4 Ne7 12. h5 h6 13. Rh3 Ba6 14. Bxa6
Qxa6 15. Qf4 Kg8 16. Ra1 Qa4 17. Kd1 Rc8 18. g4 Qc4 19. Ne1 Qf1 {0-1 Formanek,
E-Hook,W/USA op New York 1974/ChessBase (48)}) 10. Nf3 b6 11. Bd3 Ba6 12. O-O
Bxd3 13. cxd3 c4 $1 14. dxc4 Qxc4 15. Raa1 Na5 16. Qf4 h6 17. Bc1 Qa4 18. h4
Ne7 19. h5 Rc8 20. Bd2 Qc2 21. c4 Nb3 22. Rad1 Rxc4 23. Bb4 Ke8 $1 24. Rfe1 a5
25. Bd6 b5 26. g4 Nc6 27. Kg2 a4 28. Kg3 Rg8 $1 29. Kg2 g6 $1 30. Qxh6 gxh5 31.
Qxh5 Qg6 32. Qxg6 Rxg6 $132 {0-1 Liberzon,V (2515)-Hook,W (2200)/Nice olm 1974/
ChessBase/ (72)}) 9... Nc6 ({I would prefer} 9... b6 $5 {with a typical french
defense idea: Exchanging the light-squared bishops. White can choose now
different plans:} 10. h4 (10. c4 Ba6 (10... Ne7 11. dxc5 bxc5 12. Nf3 Nbc6 13.
Bd3 dxc4 14. Be2 Nd5 15. O-O h6 16. Be3 Nxe3 17. fxe3 Kg8 18. Qd6 Kh7 19. Qxc5
Ba6 20. Nd4 Nxd4 21. exd4 Qd7 22. c3 Rhc8 {1-0 Gross,D (2455)-Unzicker,F (2290)
/BL2 0304 2004/ChessBase (54)}) 11. cxd5 Qxd4 12. Bxa6 Nxa6 13. dxe6 Qxe5+ 14.
Ne2 Qxe6 15. O-O Rd8 16. Nf4 Qc4 17. Qf3 Nc7 18. Bc3 Nb5 19. Rad1 Nd4 20. Rxd4
cxd4 21. Bb4+ Ne7 22. Re1 Kg8 23. Rxe7 Qxc2 24. Nd5 Qg6 25. Re8+ {1-0 Pavlovic,
M (2569)-Weiss,C (2405)/Oberwart op 2003/}) 10... Ba6 (10... Ne7 11. h5 h6 12.
Rh4 $1 Ba6 13. Bxa6 Nxa6 14. Rf4 $1 Qd7 15. Qf3 Nc6 16. Nh3 $1 Rc8 17. g4 Qe8 (
17... Qe7 $2 18. g5 $1 hxg5 19. Nxg5 Qxg5 20. Rxf7+) 18. g5 Ne7 19. gxh6 gxh6 (
19... Rxh6 20. Rh4) 20. Rf6 Nf5 21. Nf4 $18 {1-0 Fischer,R-Hook,W/Siegen (ol)
1970/ChessBase}) (10... Nc6 11. Nf3 Ba6 12. h5 Bxf1 13. Kxf1 h6 14. Rh4 Nge7
15. Rf4 cxd4 16. cxd4 Kg8 17. Kg1 Rc8 18. Qb1 Nf5 19. c3 Na5 20. g4 Ne7 {
0-1 Van der Weide,K (2454)-Moser,E (2339)/Augsburg IDJM 2002/ (45)}) 11. Bxa6
Nxa6 12. h5 h6 13. Rh4 (13. Nf3 cxd4 14. cxd4 Qc4 15. c3 Ne7 16. Qb1 Nc6 17. a4
Na5 18. Rh3 Rb8 19. Qd1 Nc7 20. Nh4 Nb3 21. Ra3 Nxd2 22. Qxd2 b5 {1/2-1/2
Sammalvuo,T (2435)-Rojas,L (2385)/Calvia Olympiad 2004/ (58)}) 13... Rc8 14.
Rf4 cxd4 15. cxd4 Ne7 16. Qf3 Ke8 17. c3 Rf8 18. Nh3 Nb8 19. Qg4 Rg8 20. Qf3
Rf8 21. Qg3 Rg8 22. Qf3 {1/2-1/2 Cheparinov,I (2572)-Nikolic,P (2676)/Wijk aan
Zee Corus-B 2005/}) (9... cxd4 10. cxd4 b6 11. Bb4+ Ne7 12. Ne2 Ba6 13. Qd2 Qd7
14. g4 Nbc6 15. h4 Rc8 16. h5 h6 17. Rh3 Ke8 18. Rf3 $14 {1-0 Zagorovsky,
V-Berta,M/corr Vidmar mem 1975/ChessBase (49)}) 10. Nf3 c4 (10... Nge7 11. Qb1
a6 12. Qb2 Nf5 13. g4 Nfe7 14. h3 h5 15. Rg1 Rb8 16. Be3 b6 17. Bd3 Bd7 18. Kf1
Be8 19. Ng5 Kg8 $13 {0-1 Oliveira,S-Giaccio,A/Sao Jose do Rio Preto YB 2005 
(31)}) 11. h4 Nge7 $146 (11... f5 12. h5 Bd7 13. h6 gxh6 14. Bxh6+ Nxh6 15.
Rxh6 Re8 16. g4 fxg4 17. Ng5 Re7 18. Kd2 {1-0 Jordan,J (2490)-Bohak,J (2395)/
corr EUR t-ch 1999/ICCF Telechess}) (11... Bd7 12. h5 f5 13. Rh4 Be8 14. Ng5
Ke7 15. g4 Nh6 16. Bh3 fxg4 17. Bxg4 Nd8 18. Nxe6 Nxg4 19. Nc5 Qc6 20. Qxg4 Ne6
21. Bg5+ Nxg5 22. Qxg5+ Kf8 23. Rf4+ Kg8 24. Qe7 Bxh5 25. Ne6 {1-0 Piber,
V-Bohak,J/Bled Senior 1999/ChessBase}) 12. h5 h6 13. g4 $1 {[%cal Gg4g5]} Ke8 {
[%cal Ge8c7]} 14. Bh3 (14. g5 Nf5 $140 15. Nh4 Nce7 16. Nxf5 Nxf5 17. Bh3 $36)
14... Bd7 15. Rg1 Kd8 16. g5 Kc7 (16... hxg5 17. Nxg5 (17. Rxg5 $6 g6) 17...
Rf8 18. Nh7 $16) 17. gxh6 gxh6 {[%csl Gh6]} 18. Bf4 (18. Nh2 $5 Rag8 19. Rxg8
Rxg8 20. Ng4 {[%csl Rf6,Rh6]}) 18... Rag8 19. Rxg8 Nxg8 {[%csl Rg8,Rh8] Black
is tired even of the thought of complications and heads for quieter waters.} (
19... Rxg8 $142 $5 20. Bxh6 $140 Rh8 21. Qd2 Qa5 $1) 20. Kd2 (20. Nh2 $5) 20...
Rh7 21. Qe2 Nce7 22. Nh2 $1 {Finally!} b5 $6 (22... Rg7 $142 $5 23. Ng4 $140
Nf5) 23. Ng4 {White has improved the position of all his pieces and is now
prepared for more active actions.} Kb7 (23... Nf5 24. Nf6 Nxf6 25. exf6+ Nd6 (
25... Kc6 26. Qe5) 26. Bxd6+ Kxd6 27. Qe5+ Kc6 28. Qb8 $1 $18 {[%cal Rb8g8]})
24. Nf6 {Black has failed to coordinate his forces and now material loss is
unavoidable.} Nxf6 $8 25. exf6 Nc6 (25... Ng8 26. Qe5) 26. Bd6 $2 (26. Qg4 $142
$5 Nxd4 27. cxd4 c3+ 28. Kd3 Qc4+ 29. Ke3 $18) 26... Qa5 27. Rg1 Nxd4 $2 {
A blunder. Pilaj missed the following reply but White's advantage is beyond
doubt anyway.} (27... Qd8 $8 $16) 28. Qe3 {Black definitely underestimated
this move!} Qb6 (28... Nc6 29. Rg7 d4 30. Qf3 $18) 29. Bf4 (29. cxd4 Qxd6 30.
Rg7 Rh8 31. Rxf7 Kc8 32. Re7 $1 $18 {[%csl Re6]}) 29... e5 (29... Nf5 30. Bxf5
exf5 31. Rg7 Qxe3+ 32. Kxe3 Rh8 33. Rxf7 Kc6 34. Kd2 $18 {[%csl Gf6,Rh6]} Be8
$140 35. Rc7+ Kb6 36. f7) 30. Bxd7 Qxf6 31. cxd4 exf4 32. Qe5 Qxe5 33. dxe5 1-0

[Event "Sarkisov Memorial"]
[Site "Krasnodar"]
[Date "1999.??.??"]
[Round "14.3"]
[White "Tseshkovsky, Vitaly"]
[Black "Fomichenko, Eduard"]
[Result "1-0"]
[WhiteElo "2556"]
[BlackElo "2397"]
[Annotator "Psakhis,L"]
[PlyCount "69"]
[EventDate "1999.??.??"]
[EventType "tourn"]
[EventRounds "14"]
[EventCountry "RUS"]
[EventCategory "9"]
[SourceTitle "CBM 075"]
[Source "ChessBase"]
[SourceDate "2000.04.05"]
[SourceVersion "1"]
[SourceVersionDate "2000.04.05"]
[SourceQuality "1"]

1. e4 e6 2. d4 d5 3. Nc3 Bb4 4. e5 c5 5. a3 Bxc3+ 6. bxc3 Ne7 7. Qg4 Kf8 {
Risky, but not bad move} 8. Nf3 {Another options are} (8. h4 $5) (8. a4 $5 {
[%cal Gc1a3]}) 8... Qa5 9. Bd2 Qa4 {[%cal Gb7b6,Gc8a6,Ga4g4,Ga4c2] Typical
manouevre:queen blockades queen side.} 10. Ra2 {Stronger than} (10. Kd1 b6 11.
h4 Ba6 12. Bxa6 Qxa6 {with nice position for Black}) 10... b6 11. Qf4 (11. Bd3
Ba6 12. O-O Bxd3 13. cxd3 Nbc6 14. Qh5 h6 15. dxc5 bxc5 16. Rb2 Qxa3 17. Rfb1
Kg8 18. Rb7 Qa6 $132 {1/2-1/2 Gongora,M-Nogueiras,J/Santa Clara-A 1999 (33)})
11... h6 12. dxc5 {I just can't believe that Black can get serious problems
after queen exchage, but and after} (12. h4 Nd7 13. h5 Ba6 14. Bxa6 Qxa6 15.
Rh3 Qb5 16. Ra1 Qa4 17. Ra2 Qb5 {chances are equal, 1/2-1/2 Sokolov,A-Eingorn,
V/USSR-ch Moscow 1988 (19)}) 12... Qxf4 13. Bxf4 bxc5 14. h4 $146 ({White
tried before} 14. Be3 {but without big success-} Nd7 15. Rb2 c4 16. g3 (16. Be2
Nc6 17. Bd4 Ke7 18. O-O Ba6 19. Rbb1 Rhb8 20. Rfe1 Bb5 21. Rec1 Ba4 22. Bd1 a5
{Rodriguez Talavera,J-Adla,D/Coria op 1995/1/2-1/2 (77)}) 16... Nc6 17. Bd4 Ke7
18. Bg2 Ba6 19. Kd2 Rhc8 20. Re1 Rab8 21. Ra2 Rb7 22. h4 Rcb8 23. Raa1 Bb5 24.
a4 Ba6 25. h5 Rc7 26. Re3 Bc8 27. g4 a5 $15 {[%csl Ra4] 0-1 Ernst-Eingorn/
Tallinn 1989 (57)}) 14... Ba6 {I even not sure that Black need to exchange
bishops, deserves attention} (14... Nd7 {[%cal Gc5c4] and c4 will follow.}) 15.
Rb2 Bxf1 16. Kxf1 Nd7 17. h5 Ke8 (17... Nb6 18. Rb5 Nc4 19. a4 $14) 18. Rh4 Nb6
(18... g5 $5 {was the simpliest way to equalise chances, for example} 19. hxg6
Nxg6 20. Rxh6 (20. Rg4 $2 h5) 20... Rxh6 21. Bxh6 Ngxe5 22. Nxe5 Nxe5 $11 {
with more or less equal game.}) 19. Rg4 Nf5 ({again} 19... g5 {was possible-}
20. hxg6 Nxg6 21. Be3 Rc8 22. Rb5 Nc4 23. Bxc5 a6 24. Rb7 h5) (19... Rg8 $5 20.
Be3 Rc8 $13) 20. Rb5 Kd7 $2 {Very strange move, why not} (20... Rc8 {[%cal
Ge8c6] with nice position?}) 21. Rxc5 Rhc8 22. Rxc8 Rxc8 23. Nd4 $1 Rc4 $2 {
Last and already fatal mistake} (23... Rxc3 24. Nxf5 exf5 25. Rxg7 $18 {
[%csl Gh5]}) ({After correct and stubborn} 23... Rg8 $8 {way to victory for
White still is not easy at all-} 24. Nxf5 exf5 25. Rg3 Nc4 26. Bxh6 Rh8 27.
Bxg7 Rxh5 28. Rh3 $1 Rg5 (28... Rxh3 29. gxh3 Nxa3 30. h4 $18) 29. Bf6 Rg8 $14)
24. g3 $18 {[%csl Rf7,Gg4,Rg7,Rh6] Now game is over} Rxd4 (24... Nxd4 25. cxd4
Rxd4 26. Rxg7 Ke8 27. Rg8+ Kd7 28. Bxh6 $18 {[%cal Rh5h8]}) 25. cxd4 Nc4 26.
Bc1 a5 27. Rf4 Ke8 28. Ke2 a4 29. Kd3 Ne7 30. Kc3 Nc6 31. g4 Ke7 32. Rf3 Kf8
33. Rh3 $1 Kg8 34. f4 Kf8 35. f5 {[%cal Rf5f6]} 1-0